000 01782nam a22001457a 4500
999 _c526357
_d526357
008 240530b ||||| |||| 00| 0 eng d
100 _aKumar, Mahesh and Jena, Asima
_953173
245 _aEnvironmental burden in everyday lives of Dalits: A case study of Sanand, Gujarat
260 _aSociological Bulletin
300 _a73(1), Jan, 2024: p.65-83
520 _aUnder Buddhist philosophy, followed by Dalits and other marginalised groups, an organic relationship exists between environment, knowledge and society where natural resources are conceived as equal partners and their identity is enmeshed with these. However, this organic balance between environment, knowledge and society gets disrupted by certain kind of materialistic thinking which not only creates ecological imbalance but also social conflict, exposes people to a whole range of risks like dislocation, loss of livelihood, work burden for women, health issues, loss of culture to destruction of civil rights. Against this backdrop, this paper reflects on sustainable development and analyses environmental degradation caused by the proliferation of chemical and pharmaceutical industry by encapsulating how neoliberalism smartly appropriate caste system and its attendant inequality, resulting in pain and suffering of subaltern masses. Foregrounding the study in the four villages of Sanand Block, Ahmedabad district of Gujarat, this article discusses the politics of environmentalism, spells out ‘environmentalism of the poor’ and narrates the way subaltern communities manage to live with environmental burden. – Reproduced https://journals.sagepub.com/doi/full/10.1177/00380229231212894
773 _aSociological Bulletin
906 _aSCHEDULED CASTES AND SCHEDULED TRIBES
942 _cAR